Introduction (notice n° 1617568)

détails MARC
000 -LEADER
fixed length control field 00910cam a2200169 4500500
005 - DATE AND TIME OF LATEST TRANSACTION
control field 20260111085034.0
041 ## - LANGUAGE CODE
Language code of text/sound track or separate title fre
042 ## - AUTHENTICATION CODE
Authentication code dc
100 10 - MAIN ENTRY--PERSONAL NAME
Personal name De Féo, Agnès
Relator term author
245 00 - TITLE STATEMENT
Title Introduction
260 ## - PUBLICATION, DISTRIBUTION, ETC.
Date of publication, distribution, etc. 2008.<br/>
500 ## - GENERAL NOTE
General note 66
520 ## - SUMMARY, ETC.
Summary, etc. L’hommage de Flaubert au Liban tient dans « le coup de poing » qu’il a reçu devant la beauté des paysages et de la flore, l’abondance des parfums, et dans la nostalgie du « ça ne durera pas, hélas, la civilisation va venir tout détruire ! ».
520 ## - SUMMARY, ETC.
Summary, etc. Flaubert’s homage to Lebanon is a hymn to its beauty, its perfumes, its landscapes, and a nostalgic good-bye to the doomed Orient western civilisation is going to invade…
786 0# - DATA SOURCE ENTRY
Note Les Cahiers de l'Orient | 92 | 4 | 2008-12-21 | p. 9-14 | 0767-6468
856 41 - ELECTRONIC LOCATION AND ACCESS
Uniform Resource Identifier <a href="https://shs.cairn.info/revue-les-cahiers-de-l-orient-2008-4-page-9?lang=fr&redirect-ssocas=7080">https://shs.cairn.info/revue-les-cahiers-de-l-orient-2008-4-page-9?lang=fr&redirect-ssocas=7080</a>

Pas d'exemplaire disponible.

PLUDOC

PLUDOC est la plateforme unique et centralisée de gestion des bibliothèques physiques et numériques de Guinée administré par le CEDUST. Elle est la plus grande base de données de ressources documentaires pour les Étudiants, Enseignants chercheurs et Chercheurs de Guinée.

Adresse

627 919 101/664 919 101

25 boulevard du commerce
Kaloum, Conakry, Guinée

Réseaux sociaux

Powered by Netsen Group @ 2025